Jednoduché účtovníctvo 2008

Nové Opatrenie MF č. 27076/2007-74 pre vedenie jednoduchého účtovníctva od 1.1.2008. Je aj naďalej založené na hotovostnom princípe a zachováva aj daňovú orientáciu.

Gespeichert in:
Bibliographische Detailangaben
1. Verfasser: Moravcová, Katarína
Format: Buchkapitel
Sprache:Slowakisch
Schlagworte:
Tags: Tag hinzufügen
Keine Tags, Fügen Sie das erste Tag hinzu!

MARC

LEADER 00000naa$a2200000$$$4500
001 0086501
005 20231106074124.4
041 0 |a slo 
044 |a SK 
245 1 0 |a Jednoduché účtovníctvo 2008  |c Katarína Moravcová 
520 |a Nové Opatrenie MF č. 27076/2007-74 pre vedenie jednoduchého účtovníctva od 1.1.2008. Je aj naďalej založené na hotovostnom princípe a zachováva aj daňovú orientáciu. 
610 2 0 |a účtovníctvo jednoduché 
610 2 0 |a opatrenia 
610 2 0 |a 2008 
100 1 |a Moravcová, Katarína